Foreign trade of Japan 1962
Saved in:
| Format: | Book |
|---|---|
| Language: | Undetermined |
| Published: |
Tokyo
Japan External Trade Organization
1962
|
| Subjects: | |
| Tags: |
Add Tag
No Tags, Be the first to tag this record!
|
| Institutions: | Trung tâm Học liệu Trường Đại học Cần Thơ |
|---|
| LEADER | 00488nam a2200181Ia 4500 | ||
|---|---|---|---|
| 001 | CTU_105476 | ||
| 008 | 210402s9999 xx 000 0 und d | ||
| 082 | |a 382.0952 | ||
| 082 | |b F715/1962 | ||
| 245 | 0 | |a Foreign trade of Japan 1962 | |
| 260 | |a Tokyo | ||
| 260 | |b Japan External Trade Organization | ||
| 260 | |c 1962 | ||
| 650 | |a Japan,Balance of payments | ||
| 650 | |x Commerce | ||
| 650 | |z Japan | ||
| 904 | |i Tuyến | ||
| 980 | |a Trung tâm Học liệu Trường Đại học Cần Thơ | ||